Apresentadores Brasileiros - Statistics

Estatísticas Gerais
  • Esse quiz foi jogado 48 vezes
  • A pontuação média é 21 de 70
Estatísticas das Respostas
Resposta % Correto
Silvio Santos
97%
Faustão
83%
Celso Portiolli
78%
Luciano Huck
69%
Eliana
67%
Marcos Mion
67%
Rodrigo Faro
67%
Angélica
61%
Ana Maria Braga
58%
Xuxa
58%
Pedro Bial
56%
Patrícia Abravanel
53%
Raul Gil
53%
Fátima Bernardes
50%
Tiago Leifert
50%
Danilo Gentili
47%
Gugu Liberato
47%
Jô Soares
47%
Patrícia Poeta
44%
Ratinho
42%
André Marques
39%
Chacrinha
39%
Hebe Camargo
36%
Tadeu Schmidt
36%
Luciana Gimenez
33%
Serginho Groisman
33%
Tata Werneck
31%
Ana Hickmann
28%
Mara Maravilha
28%
Adriane Galisteu
25%
Fábio Porchat
25%
João Kleber
25%
Leão Lobo
25%
Otaviano Costa
25%
Roberto Justus
25%
Sônia Abrão
25%
Datena
22%
Geraldo Luís
22%
Márcio Garcia
22%
Fernanda Lima
19%
Glória Maria
19%
Miguel Falabella
19%
Ana Paula Padrão
17%
Gilberto Barros
17%
Christina Rocha
14%
Cissa Guimarães
14%
Ivete Sangalo
14%
Luiz Bacci
14%
Marília Gabriela
14%
Renata Fan
14%
Ticiane Pinheiro
14%
Tom Cavalcante
14%
Amaury Júnior
11%
Astrid Fontenelle
11%
Cátia Fonseca
11%
Claudete Troiano
11%
Marcelo Tas
11%
Otávio Mesquita
11%
Sandra Annenberg
11%
Márcia Goldschmidt
8%
Sérgio Chapelin
8%
Clodovil Hernandes
6%
Ione Borges
6%
Regina Volpato
6%
Reinaldo Gottino
6%
Silvia Poppovic
6%
Caco Barcellos
3%
Nadja Haddad
3%
Olga Bongiovanni
3%
João Gordo
0%
Nenhum quiz correspondente encontrado
Distribuição das Pontuações
Porcentagem de Pessoas com Cada Pontuação
Percentil de Números Respondidos
Sua Pontuação Histórica
Você não jogou esse quiz